[Event "EU-ch Amateur U2300"]
[Site "Niksic"]
[Date "2018.06.16"]
[Round "4"]
[White "Popadic, Dragan"]
[Black "Rzayev, Askar Aliakbar"]
[Result "1/2-1/2"]
[WhiteElo "2208"]
[BlackElo "2000"]
[PlyCount "27"]
[EventDate "2018.06.14"]
[EventType "swiss"]
[EventRounds "9"]
[EventCountry "MNE"]
[SourceTitle "CBM 185 Extra"]
[Source "ChessBase"]
[SourceDate "2018.07.29"]
[SourceVersion "1"]
[SourceVersionDate "2018.07.29"]
[SourceQuality "1"]

1. e4 c6 2. d4 d5 3. Nd2 g6 4. Ngf3 Bg7 5. c3 Nh6 6. Bd3 0-0 7. 0-0 f6 8. Re1 Nf7 9. h3 Na6 10. e5 Nc7 11. exf6 exf6 12. Nf1 Ne6 13. Bd2 Qd6 14. Ng3 1/2-1/2

[Event "Troya op 25th"]
[Site "Canakkale"]
[Date "2017.08.10"]
[Round "6"]
[White "Rzayev, Askar Aliakbar"]
[Black "Tinarlioglu, Emre"]
[Result "1-0"]
[WhiteElo "2072"]
[BlackElo "1850"]
[PlyCount "95"]
[EventDate "2017.08.07"]
[EventType "swiss"]
[EventRounds "9"]
[EventCountry "TUR"]
[SourceTitle "CBM 179 Extra"]
[Source "ChessBase"]
[SourceDate "2017.08.23"]
[SourceVersion "1"]
[SourceVersionDate "2017.08.23"]
[SourceQuality "1"]

1. d4 Nf6 2. Nf3 c5 3. d5 e6 4. c4 exd5 5. cxd5 d6 6. Nc3 g6 7. Bf4 Bg7 8. Qa4+ Bd7 9. Qb3 b5 10. Nxb5 Qa5+ 11. Nc3 Nxd5 12. Qxd5 Bxc3+ 13. Nd2 Bxd2+ 14. Bxd2 Qb6 15. Bc3 0-0 16. 0-0-0 Be6 17. Qxd6 Qxd6 18. Rxd6 Bxa2 19. e3 a6 20. Be2 Be6 21. Rhd1 a5 22. Bf6 Ra7 23. Bb5 Rb7 24. Ba4 Rb4 25. Rd8 Rc4+ 26. Bc2 Nc6 27. Rxf8+ Kxf8 28. b3 Rxc2+ 29. Kxc2 Nb4+ 30. Kb2 Nd5 31. Bd8 f5 32. Bxa5 Ke7 33. Bc3 Kd6 34. Ra1 Nxc3 35. Kxc3 Bd5 36. f3 g5 37. Ra6+ Ke5 38. Ra5 Kd6 39. b4 cxb4+ 40. Kxb4 h5 41. Kc3 g4 42. Kd4 Be6 43. Ra6+ Ke7 44. Ke5 Bd7 45. Ra7 h4 46. fxg4 fxg4 47. Kf4 h3 48. g3 1-0

[Event "TUR-chT 1st League"]
[Site "Konya"]
[Date "2017.07.22"]
[Round "8.1"]
[White "Rzayev, Askar Aliakbar"]
[Black "Cakiroglu, Metin"]
[Result "0-1"]
[WhiteElo "2080"]
[BlackElo "1993"]
[PlyCount "98"]
[EventDate "2017.07.17"]
[EventType "team-swiss"]
[EventRounds "9"]
[EventCountry "TUR"]
[SourceTitle "CBM 179 Extra"]
[Source "ChessBase"]
[SourceDate "2017.08.23"]
[SourceVersion "1"]
[SourceVersionDate "2017.08.23"]
[SourceQuality "1"]
[WhiteTeam "Bursa Buyuksehir"]
[BlackTeam "Karman Masterler"]
[WhiteTeamCountry "TUR"]
[BlackTeamCountry "TUR"]

1. Nf3 d6 2. d4 Nd7 3. c4 e5 4. e4 Ngf6 5. Nc3 c6 6. g3 Be7 7. Bg2 0-0 8. 0-0 Re8 9. Re1 Bf8 10. h3 g6 11. b3 Bg7 12. d5 Qc7 13. Ba3 c5 14. Qd3 Nh5 15. Bc1 Nf8 16. Bd2 f5 17. Qe2 Bd7 18. b4 cxb4 19. Nb5 Bxb5 20. cxb5 a5 21. bxa6 bxa6 22. Bxb4 Qb6 23. Rab1 Nxg3 24. Qd3 Nxe4 25. Rxe4 fxe4 26. Qxe4 Rab8 27. Rb3 Nd7 28. Ng5 Nf6 29. Qh4 Qd4 30. Qxd4 exd4 31. Ne6 Nd7 32. Bxd6 Rxb3 33. axb3 d3 34. Bf4 Bc3 35. Kf1 Nc5 36. Be3 Nxe6 37. dxe6 Kg7 38. Bd5 d2 39. Ke2 d1Q+ 40. Kxd1 Rd8 41. e7 Rxd5+ 42. Kc2 Kf7 43. Kxc3 Kxe7 44. h4 Ke6 45. Kc4 Rb5 46. b4 Kf5 47. Bg5 Kg4 48. f4 Kh5 49. Bf6 Rf5 0-1